000
00258nam a2200109Ia 4500
008
240625s9999 xx 000 0 und d
041
_a
eng
082
_a
658.15 KHA
100
_a
KHAN M Y
245
_a
FINANCIAL MANAGEMENT TEXT PROBLEMS AND C
260
_c
2014
999
_c
35146
_d
35146